|
|
|
|
| LEADER |
01022nam a2200265 a 4500 |
| 001 |
13961053 |
| 008 |
091108s2005 enka b 001 0 eng d |
| 010 |
|
|
|a 2005275469
|
| 020 |
|
|
|a 9780195676280
|
| 020 |
|
|
|a 0195676289
|
| 020 |
|
|
|a 0199272700 (acid-free paper)
|
| 040 |
|
|
|a DLC
|c DLC
|d DLC
|
| 082 |
0 |
0 |
|a 338.9
|2 22
|
| 100 |
1 |
|
|a Hayami, Yūjirō,
|d 1932-
|
| 245 |
1 |
0 |
|a Development economics :
|b from the poverty to the wealth of nations /
|c Yujiro Hayami, Yoshihisa Godo.
|
| 250 |
|
|
|a 3rd ed.
|
| 260 |
|
|
|a Oxford ;
|a New York :
|b Oxford University Press,
|c 2005.
|
| 300 |
|
|
|a xviii, 430 p. :
|b ill. ;
|c 24 cm.
|
| 504 |
|
|
|a Includes bibliographical references (p. [383]-414) and index.
|
| 541 |
1 |
|
|e 00016812
|
| 650 |
|
0 |
|a Economic development.
|
| 700 |
1 |
|
|a Yoshihisa Godo.
|
| 852 |
4 |
|
|a Ayesha Abed Library
|j General Shelf
|
| 999 |
|
|
|c 5684
|d 5684
|
| 952 |
|
|
|0 0
|1 0
|2 ddc
|4 0
|6 338_900000000000000_HAY_2006
|7 0
|9 5609
|a BRACUL
|b BRACUL
|c GEN
|d 2009-11-21
|g 775.00
|l 2
|m 15
|o 338.9 HAY
|p 3010016812
|r 2024-10-20
|s 2024-02-07
|t 1
|w 2009-11-21
|y BK
|